Удачный кадр любым фотоаппаратом (Запись № 60534)

Подробности
000 -МАРКЕР
контрольное поле 00982nam0a2200313 4500
001 - ИДЕНТИФИКАТОР ЗАПИСИ
контрольное поле RU\NLR\bibl\15235
005 - ИДЕНТИФИКАТОР ВЕРСИИ
контрольное поле 20250615012952.0
021 ## - НОМЕР ГОСУДАРСТВЕННОЙ РЕГИСТРАЦИИ
Код страны Российская Федерация
Номер 98-35333
Номер Листа государственной регистраци 1679
021 ## - НОМЕР ГОСУДАРСТВЕННОЙ РЕГИСТРАЦИИ
Код страны Российская Федерация
Номер 2000-37330
Номер Листа государственной регистраци 1722
021 ## - НОМЕР ГОСУДАРСТВЕННОЙ РЕГИСТРАЦИИ
Код страны Российская Федерация
Номер 2001-36401
Номер Листа государственной регистраци 1731
035 ## - ДРУГИЕ СИСТЕМНЫЕ НОМЕРА
Идентификатор записи (NLR Aleph) 000014871
100 ## - ДАННЫЕ ОБЩЕЙ ОБРАБОТКИ
Данные общей обработки 19990309f19911998|||y0rusy50 ca
101 0# - ЯЗЫК РЕСУРСА
Язык текста, звукозаписи и т.д. русский
102 ## - СТРАНА ПУБЛИКАЦИИ ИЛИ ПРОИЗВОДСТВА
Страна публикации Российская Федерация
105 ## - ПОЛЕ КОДИРОВАННЫХ ДАННЫХ: ТЕКСТОВЫЕ МАТЕРИАЛЫ, МОНОГРАФИЧЕСКИЕ
Кодированные данные о монографическом текстовом документе a |||||||||
200 1# - ЗАГЛАВИЕ И СВЕДЕНИЯ ОБ ОТВЕТСТВЕННОСТИ
Основное заглавие Удачный кадр любым фотоаппаратом
Первые сведения об ответственности [Jean Eavy-Ells]
210 ## - ПУБЛИКАЦИЯ, РАСПРОСТРАНЕНИЕ И ДР.
Место издания, распространения и т.д. М.
Имя издателя, распространителя и т. д. Книги Kodak
Дата издания, распространения и т.д. [199-?]
215 ## - ФИЗИЧЕСКАЯ ХАРАКТЕРИСТИКА
Специфическое обозначение материала и объем 48 c.
Другие сведения о физической характеристике ил., цв. ил.
Размеры 15
606 0# - НАИМЕНОВАНИЕ ТЕМЫ КАК ПРЕДМЕТ
Наименование темы Фотографическая съемка
Системный номер авторитетной/нормативной записи 1021549
Идентификатор авторитетной/нормативной записи RU\NLR\auth\6672751
606 0# - НАИМЕНОВАНИЕ ТЕМЫ КАК ПРЕДМЕТ
Наименование темы Фотосъемка
Системный номер авторитетной/нормативной записи 2088628
Идентификатор авторитетной/нормативной записи RU\NLR\auth\661264401
686 ## - ИНДЕКСЫ ДРУГИХ КЛАССИФИКАЦИЙ
Индекс М940.2
700 #1 - ИМЯ ЛИЦА - ПЕРВИЧНАЯ ОТВЕТСТВЕННОСТЬ
Начальный элемент ввода Иви-Эллс
Часть имени, кроме начального элемента ввода Ж.
Расширение инициалов личного имени Жан
Код отношения Автор
801 #0 - ИСТОЧНИК ЗАПИСИ
Страна Российская Федерация
Организация NLR
Дата составления 19990309
Правила каталогизации PSBO
801 #1 - ИСТОЧНИК ЗАПИСИ
Страна Российская Федерация
Организация NLR
Дата составления 19990309
852 ## - МЕСТОНАХОЖДЕНИЕ И ШИФР ХРАНЕНИЯ
Идентификатор организации NLR
Шифр хранения (Call Number) 98-1/396
852 ## - МЕСТОНАХОЖДЕНИЕ И ШИФР ХРАНЕНИЯ
Идентификатор организации NLR
Шифр хранения (Call Number) 97-1/368
942 ## - ДОПОЛНИТЕЛЬНЫЕ ЭЛЕМЕНТЫ ЗАПИСИ (АБИС)
Тип экземпляра АБИС Книга
980 ## - КОЛЛЕКЦИЯ
Название коллекции Национальная библиография
Экземпляры
Тип экземпляра Дата поступления Источник поступления Библиотека постоянного хранения Библиотека текущего хранения Место хранения Штрих-код Статус экземпляра
Книга 11.01.2001 Обязательный экземпляр РНБ (Московский) РНБ (Московский) Обменный фонд 96103  
Книга 16.01.2001 Обязательный экземпляр РНБ (Московский) РНБ (Московский) Обменный фонд 97145  
Книга 08.07.2002 Обязательный экземпляр РНБ (Московский) РНБ (Московский) Обменный фонд 297221  
Книга 08.07.2002 Обязательный экземпляр РНБ (Московский) РНБ (Московский) Обменный фонд 297222